| 000 | 01150nam a22003497a 4500 | ||
|---|---|---|---|
| 001 | 4225097 | ||
| 003 | OSt | ||
| 005 | 20210420072109.0 | ||
| 008 | 840907r1985 nyuaf b 001 0beng | ||
| 010 | _a 82045483 | ||
| 020 | _a0385172982 : | ||
| 040 |
_aeng _cDLC _deng |
||
| 050 | 0 | 0 |
_aBX1378.2 _b.H34 1985 |
| 080 |
_a92 _bH-46 |
||
| 082 | 0 | 0 |
_a282/.092/4 _aB _219 |
| 100 | 1 | _aHebblethwaite, Peter. | |
| 240 | 1 | 0 | _aJohn XXIII, pope of the council |
| 245 | 1 | 0 |
_aPope John XXIII, shepherd of the modern world / _cPeter Hebblethwaite. |
| 260 |
_aGarden City, N.Y. : _bDoubleday, _c1985. |
||
| 300 |
_a550 p., [16] p. of plates : _bill. ; _c24 cm. |
||
| 365 | _b19.95 usd | ||
| 500 | _aOriginally published in England under title: John XXIII, pope of the council. | ||
| 500 | _aIncludes index. | ||
| 504 | _aBibliography: p. [505]-[522] | ||
| 600 | 0 | 0 |
_aJohn _bXXIII, _cPope, _d1881-1963. |
| 650 | 0 |
_aPopes _xBiography. |
|
| 653 | _aბიოგრაფია | ||
| 653 | _aრომის პაპი | ||
| 740 | 0 | _aPope John 23rd, shepherd of the modern world. | |
| 906 |
_a7 _bcbc _corignew _d1 _eocip _f19 _gy-gencatlg |
||
| 942 |
_2udc _cBK |
||
| 999 |
_c514 _d514 |
||